Santo Domingo : (Registro nro. 14389)

Detalles MARC
000 -LIDER
fixed length control field 01609nam a2200313 a 4500
001 - NÚMERO DE CONTROL
Identificador de número de control 000010848
003 - IDENTIFICACDOR DE NÚMERO DE CONTROL
control field DO-SdBNP
005 - DATE AND TIME OF LATEST TRANSACTION
control field 20230503140204.0
008 - ELEMENTOS DE LONGITUD FIJA
fixed length control field 091012s1978 dr b 000 0 spa d
020 ## - ISBN
International Standard Book Number 8484010139
040 ## - FUENTE DE CATALOGACIÓN
Agencia que crea de manera original el registro DO-SdBNP
Idioma de catalogación spa
Agencia que realiza la transcripción BPMSU
082 #4 - NÚMERO DE CLASIFICACIÓN DECIMAL DE DEWEY
Classification number 972.9307294
Item number L595s 1978
Edition number 22
100 1# - ASIENTO PRINCIPAL -- NOMBRE PERSONAL
Nombre personal Lepellertier de Saint Remy, R.
245 10 - MENCIÓN DE TITULO
Título Santo Domingo :
Subtítulo estudio y solución nueva de la cuestión haitiana /
Mención de responsabilidad R. Lepellertier de Saint Remy ;traducción de Gustavo Amigó.
260 ## - PUBLICACIÓN, DISTRIBUCIÓN, ETC. (PIE DE IMPRENTA)
Lugar de publicación, distribución, etc Santo Domingo :
Nombre del editor, distribuidor, etc. Editora de Santo Domingo,
Fecha de publicación, distribución, etc 1978.
300 ## - DESCRIPCIÓN FÍSICA
Extensión v. ;
Dimensiones map.
490 0# - MENCIÓN DE SERIES
Mención de serie Sociedad Dominicana de Bibliófilos ;
-- Cultura dominicana ;
Volume/sequential designation 26
500 ## - NOTA GENERAL
Nota general Incluye referencias bibliográficas y notas al pie de las páginas
500 ## - NOTA GENERAL
Nota general
504 ## - NOTA DE BIBLIOGRAFÍA, ETC.
Bibliography, etc Bibliográficas : (p. 393-405)
505 0# - NOTA DE CONTENIDO
Texto normalizado de contenido V. II : Negociaciones de 1814 a 1825 -- De la ordenanza de 1825 a los tratados de 1838 -- Cuestión financiera -- Nueva situación económica -- Recursos y ventajas de la parte oriental de Santo Domingo -- Situación económica de la República Dominicana -- Samaná -- Samaná: esbozo económico -- Samaná. Cuestión de los cafés -- Aplicación a Santo Domingo de la combinación de las tasas intermedias -- Hipótesis de la ocupación de Samaná por Francia -- Conclusión
590 ## - NOTA LOCAL
Enlace Inventariado, 2023/VM
650 #4 - ENCABEZAMIENTO DE MATERIA--TEMÁTICO
Término temático o nombre geográfico como elemento de entrada Franceses en Santo Domingo (Republica Dominicana)
Subdivisión temática general Historia
650 #4 - ENCABEZAMIENTO DE MATERIA--TEMÁTICO
Término temático o nombre geográfico como elemento de entrada Cuestión haitiana.
651 #4 - ENCABEZAMIENTO DE MATERIA--NOMBRE GEOGRÁFICO
Nombre geográfico República Dominicana
Subdivisión temática general Historia.
700 1# - ASIENTO SECUNDARIO -- NOMBRE PERSONAL
Nombre personal Amigó, Gustavo
Mención de responsabilidad tr.
910 ## - VALIDACIÓN
Validación VMateo V. Control de calidad (BPMSU)
942 ## - ADDED ENTRY ELEMENTS (KOHA)
Source of classification or shelving scheme Dewey Decimal Classification
Koha item type Libros
Existencias
Withdrawn status Lost status Source of classification or shelving scheme Damaged status Not for loan Collection code Home library Current library Date acquired Total Checkouts Full call number Barcode Date last seen Copy number Price effective from Koha item type
    Dewey Decimal Classification     Colección Dominicana Biblioteca Pública Metropolitana Salomé Ureña Biblioteca Pública Metropolitana Salomé Ureña 05/03/2023   BPMSU CD 972.9307294 L595s 1978 BPMSU23050006 05/03/2023 v.1 05/03/2023 Libros